000
00306 a2200133 4500
000
nam a22 7a 4500
100
_a
Aston Zhang
110
_a
Aston Zhang
245
_a
Dive into Deep Learning
250
_a
latest edition
260
_b
cambridge
_c
2025
264
_b
cambridge
_c
2025
942
_c
BK
999
_c
397139
_d
397139